Families in children's literature : a resource guide, grades 4-8
Saved in:
| Main Author: | |
|---|---|
| Format: | Book |
| Language: | English |
| Published: |
Englewood, Colorado :
Teacher Ideas Press,
1998
|
| Subjects: | |
| Tags: |
Add Tag
No Tags, Be the first to tag this record!
|
MARC
| LEADER | 00000nam a2200000 i 4500 | ||
|---|---|---|---|
| 001 | 1/60347 | ||
| 008 | 071025s1998 eng d | ||
| 020 | |a 1-56308-313-2 | ||
| 035 | |l 10091819 | ||
| 040 | |a GR-MY-UA |b gre |e aacr | ||
| 041 | 0 | |a eng | |
| 082 | 0 | |a 372.64044 |2 (22) | |
| 100 | 1 | |a Cecil, Nancy Lee. | |
| 245 | 1 | 0 | |a Families in children's literature : |b a resource guide, grades 4-8 / |c Nancy Lee Cecil, Patricia L. Roberts |
| 260 | |a Englewood, Colorado : |b Teacher Ideas Press, |c 1998 | ||
| 300 | |a xiv, 148 σ.; |c 28 εκ. | ||
| 504 | |a Περιλαμβάνει βιβλιογραφίες και ευρετήριο | ||
| 650 | 0 | 0 | |a Children's literature |x Study and teaching. |
| 650 | 0 | 0 | |a Family in literature |x Study and teaching. |
| 852 | |a INST |b RHODES |e 20071025 |h 372.64044 CEC |p 005400025185 |q 005400025185 |t BK |y 0 | ||
| 901 | |a BIBL4-2007-3 | ||
| 909 | |a Ρ |b 139739 | ||
| 922 | |a 4ΕΛΗ |b 200710 |c ΕΠΕΑΕΚ2/ΠΤΔΕ |d ΠΑΠΑΣΩΤΗΡΙΟΥ | ||
| 970 | |a ΜΙΣΣΟΣ |b ΣΤΑΥΡΟΣ |z 2007/10/25 | ||